Statistics for Corey Haim Filmography

Click here to take the quiz!

General Stats

  • This quiz has been taken 15 times
    (11 since last reset)
  • The average score is 14 of 50

Answer Stats

TypeYearName% Correct
Film1989Dream a Little Dream
90%
Film1988License to Drive
80%
Film1987The Lost Boys
80%
Film1986Lucas
70%
Film1995Dream a Little Dream 2
60%
Film1988Watchers
60%
Film1997Fever Lake
50%
Film1985Silver Bullet
50%
Film1991Dream Machine
40%
Film1994National Lampoon's Last Resort
40%
Film1993Anything for Love
30%
Film1993Blown Away
30%
Film2009Crank: High Voltage
30%
Film1996Demolition High
30%
Film1991Fast Getaway
30%
Film1984Firstborn
30%
Film1985Murphy's Romance
30%
Film1992Oh, What a Night
30%
Film1990Prayer of the Rollerboys
30%
TV Show1987Roomies
30%
Film1985Secret Admirer
30%
TV Show2007-2008The Two Coreys
30%
Film2010American Sunset
20%
TV Film1985A Time to Live
20%
Film1997Batman & Robin
20%
Film1997Busted
20%
Film2014Dead Sea
20%
Film2011Decisions
20%
Film1997Demolition University
20%
Video Game1993Double Switch
20%
Film1994Fast Getaway II
20%
Film1995Life 101
20%
Film2013New Terminal Hotel
20%
Film2009Shark City
20%
Film1997Snowboard Academy
20%
Film1993The Double 0 Kid
20%
TV Show1984-1985The Edison Twins
20%
Film2009Trade In
20%
Film2007Universal Groove
20%
Film1999Wishmaster 2: Evil Never Dies
20%
TV Film2003Without Malice
20%
Film2003Dickie Roberts: Former Child Star
10%
Film2008Lost Boys: The Tribe
10%
Film1997Never Too Late
10%
Film1996Shooter on the Side
10%
Film2002The Back Lot Murders
10%
TV Show2000Big Wolf on Campus
0%
TV Film1998Merlin: The Quest Begins
0%
TV Show1998Psi Factor: Chronicles of the Paranormal
0%
TV Show2007Robot Chicken
0%

Score Distribution

Percentile by Number Answered

Percent of People with Each Score

Your Score History

You have not taken this quiz since the last reset